000 00510nam a2200181Ia 4500
999 _c1428
_d1428
003 OSt
005 20200922105705.0
008 190216s9999||||xx |||||||||||||| ||und||
040 _coclc
082 _a581
_bPAN/T
100 _aPandey, S N
_92549
245 0 _aA Textbook Of Botany /
_cS N Pandey ; S P Misra ; P S Trivedi
250 _aVol 2
260 _bVikas Publishing House,
_c1990.
_aNew Delhi:
300 _a495p
650 _aBotany
942 _cBK
_2ddc
_h581
_iPAN/T
_k581
_mPAN/T